[Event "Noale Szabados Memorial-B 1st"]
[Site "Noale"]
[Date "2008.02.09"]
[Round "3"]
[White "Nardin, Antonio"]
[Black "Chiesa, Roberto"]
[Result "0-1"]
[WhiteElo "1485"]
[BlackElo "1733"]
[PlyCount "58"]
[EventDate "2008.02.08"]
[EventType "swiss"]
[EventRounds "5"]
[EventCountry "ITA"]
[SourceTitle "EXT 2022"]
[Source "ChessBase"]
[SourceDate "2021.10.06"]
[SourceVersion "1"]
[SourceVersionDate "2021.10.06"]
[SourceQuality "1"]

1. e4 e6 2. Nf3 d5 3. e5 c5 4. d4 cxd4 5. Nxd4 Nc6 6. Bb5 Bd7 7. Bxc6 bxc6 8. 0-0 Ne7 9. Bg5 Qb6 10. Nb3 Ng6 11. Re1 a5 12. Bc1 a4 13. Nd4 Bc5 14. c3 0-0 15. Nd2 Be7 16. N2f3 c5 17. Ne2 f6 18. Nf4 Nxe5 19. Nxe5 fxe5 20. Nxd5 exd5 21. Qxd5+ Qe6 22. Qxe6+ Bxe6 23. Rxe5 Kf7 24. f3 Bd6 25. Re4 Bf5 26. Rc4 Bd3 27. Rg4 c4 28. b3 axb3 29. Bb2 Rxa2 0-1